Chinesische Dynastien - Statistiken

Allgemein
  • Dieses Quiz wurde 41 mal gespielt
  • Das Durchschnittsergebnis liegt bei 4 aus 14
Antwortstatistiken
Hint Antwort % Korrekt
1368-1644 Ming
74%
221-206 v.Chr. Qin
61%
206 v.Chr.-220 Han
52%
1644-1911 Qing
52%
618-907 Tang
43%
970-1279 Song
35%
1279-1368 Yuan
35%
581-618 Sui
22%
ca. 1800-1100 v.Chr. Shang
13%
ca. 2200-1800 v.Chr.(Existenz umstritten) Xia
13%
220-280 Drei Reiche
9%
770-221 v.Chr. Östliche Zhou
9%
ca. 1100-770 v.Chr. Westliche Zhou
9%
266-420 Östliche Jin
4%
Keine übereinstimmenden Quizze gefunden
Verteilung der Resultate
Anzahl Personen mit jedem Resultat
Perzentil nach korrekt beantworteten Fragen
Ihre Resultats-Entwicklung
Sie haben dieses Quiz noch nicht gespielt